Deriváty ako nástroj finančného trhu

Charakteristika finančných derivátov. Členenie finančných derivátov. Možnosti využitia derivátov. Analýza hedgingu a tradingu.

Na minha lista:
Detalhes bibliográficos
Autor principal: Hanulák, Peter
Formato: Capítulo de Livro
Idioma:eslovaco
Assuntos:
Tags: Adicionar Tag
Sem tags, seja o primeiro a adicionar uma tag!

MARC

LEADER 00000naa$a2200000$$$4500
001 0066163
005 20240502071802.4
041 0 |a slo 
044 |a SK 
245 1 0 |a Deriváty ako nástroj finančného trhu  |c Peter Hanulák 
520 |a Charakteristika finančných derivátov. Členenie finančných derivátov. Možnosti využitia derivátov. Analýza hedgingu a tradingu. 
610 2 0 |a deriváty 
610 2 0 |a trh finančný 
610 2 0 |a hedging 
610 2 0 |a inovácia 
100 1 |a Hanulák, Peter